Football Or Soccer - Statistics

General Stats
  • This quiz has been taken 38 times
    35 since last reset
  • The average score is 9 of 10
Answer Stats
Question Answer % Correct
The ball is shaped as a Prolate Spheroid (Oval) Football
97%
Has a helmet Football
97%
Focus of the NFL (National Football League) Football
94%
Includes teams like the Steelers, Dolphins, and the Commanders Football
94%
Focus of the UEFA (Union of European Football Associations) Soccer
94%
The ball is usually black and white Soccer
94%
Was created first? Soccer
91%
Sport that Lionel Messi plays Soccer
91%
Tackling is allowed Football
78%
Field can vary in size Soccer
63%
No matching quizzes found
Score Distribution
Percent of People with Each Score
Percentile by Number Answered
Your Score History
You have not taken this quiz since the last reset